000 00785nam a2200277 a 4500
003 MX-MxUPN
005 20230510063531.0
008 191204t2011 sp r 000 0 spa d
020 _a9788449324833
035 _aUPN01000234657
040 _aMX-MUPN
_bspa
_cMX-MxUPN
041 1 _aspa
_hfre
050 1 4 _aCB425
_bM67 2011
100 1 _aMorin, Edgar,
_d1921-
_929528
240 1 0 _aOù va le monde.
_lEspañol
245 1 0 _a¿Hacia dónde va el mundo?
250 _aPrimera edición.
260 _aMadrid :
_bPaidós,
_c©2011
300 _a92 páginas
490 0 _aBiblioteca Edgar Morin ;
_v4
650 4 _aCivilización moderna
_y1950-
_910800
650 4 _aCambio social
_ySiglo XX
_947551
902 _aVíctor Ruiz/051222
942 _2lcc
_cLIBRO
999 _c206752
_d206752